| 000 | 00695nam a2200217 a 4500 | ||
|---|---|---|---|
| 001 | BRCA_8615 | ||
| 003 | FranzMayer | ||
| 005 | 20230724142731.0 | ||
| 008 | 230916s1782----it-#######---#000-0#lat-# | ||
| 040 |
_aMFM _bspa _cMFM |
||
| 041 | _alat | ||
| 044 | _ait | ||
| 084 |
_aBE30 _b.T46 1782 |
||
| 245 | 1 | 0 |
_aTheologia Scholastica-Dogmatica _bEx ss. Patribus, Maxime Ex D. Augustino, et Angelico Doctore Deprompta, et acommodata ad utilitatem juventutis, in octo tomos distributa. |
| 260 |
_aRoma _bEx Typographia Hermatheniana _c1782 |
||
| 300 |
_axvi, 438 p. (t.5) _c18.5 x 12 cm. |
||
| 546 | _aTexto en : latín | ||
| 650 | 1 | 4 |
_aTeología dogmática _921529 |
| 902 | _aCFM | ||
| 942 |
_2lcc _cB |
||
| 999 |
_c8276 _d8276 |
||